Normal view
MARC view
- Ziemer, Rendger E Fannin, D. Ronald Tranter, William H
Entry Personal Name
001 - CONTROL NUMBER
- control field: 71020
003 - CONTROL NUMBER IDENTIFIER
- control field: NUST
005 - DATE AND TIME OF LATEST TRANSACTION
- control field: 20210628204559.0
008 - FIXED-LENGTH DATA ELEMENTS
- fixed length control field: 210628|| aca||aabn | a|a d
040 ## - CATALOGING SOURCE
- Original cataloging agency: NUST
- Transcribing agency: NUST
100 ## - HEADING--PERSONAL NAME
- Personal name: Ziemer, Rendger E Fannin, D. Ronald Tranter, William H
670 ## - SOURCE DATA FOUND
- Source citation: Work cat.: (NUST): Ziemer, Rendger E Fannin, D. Ronald Tranter, William H, Signals and systems continuous and discrete, 1990
